| 000 | 02839nam a2200313 i 4500 | ||
|---|---|---|---|
| 999 |
_c113730 _d113730 |
||
| 003 | BJBSDDR | ||
| 005 | 20230411090620.0 | ||
| 007 | ta | ||
| 008 | 131119s2016 enk 000 0 eng | ||
| 020 | _a9781408839997 | ||
| 020 | _a1408839997 | ||
| 040 |
_bspa _cBJBSDDR |
||
| 041 | _aeng | ||
| 050 | 1 | 4 |
_aD 21.3 _bF834s 2016 |
| 082 | 0 | 0 | _a909 |
| 100 | 1 |
_aFrankopan, Peter, _d1971- |
|
| 245 | 1 | 4 |
_aThe silk roads : _ba new history of the world / _cPeter Frankopan. |
| 260 |
_aLondon : _bBloomsbury, _c2016. |
||
| 300 |
_axix, 636 pages : _billustrations ; _c19 cm. |
||
| 500 | _aOriginally published: 2015. | ||
| 504 | _aIncludes bibliographical references. | ||
| 505 | _aThe creation of the silk road -- The road of faiths -- The road to a Christian East -- The road to revolution -- The road to concord -- The road of furs -- The slave road -- The road to heaven -- The road to hell -- The road of death and destruction -- The road of gold -- The road of silver -- The road to Northern Europe -- The road to empire -- The road to crisis -- The road to war -- The road of black gold -- The road to compromise -- The wheat road -- The road to genocide -- The road of cold warfare -- The American silk road -- The road of superpower rivalry -- The road to catastrophe -- The road to tragedy -- Conclusion: The new silk road. | ||
| 520 | _a"Our world was made on and by the Silk Roads. For millennia it was here that East and West encountered each other through trade and conquest, leading to the spread of ideas and cultures, the birth of the world's great religions, the appetites for foreign goods that drove economies and the growth of nations. From the first cities in Mesopotamia to the growth of Greece and Rome to the depredations by the Mongols and the Black Death to the Great Game and the fall of Communism, the fate of the West has always been inextricably linked to the East. The Silk Roads vividly captures the importance of the networks that crisscrossed the spine of Asia and linked the Atlantic with the Pacific, the Mediterranean with India, America with the Persian Gulf. By way of events as disparate as the American Revolution and the horrific world wars of the twentieth century, Peter Frankopan realigns the world, orientating us eastwards, and illuminating how even the rise of the West 500 years ago resulted from its efforts to gain access to and control these Eurasian trading networks. In an increasingly globalized planet, where current events in Asia and the Middle East dominate the world's attention, this magnificent work of history is very much a work of our times"-- Provided by publisher. | ||
| 650 | 4 |
_99883 _aImperialismo _xHistoria |
|
| 650 | 4 |
_9845 _aHistoria mundial |
|
| 650 | 4 |
_94925 _aHistoria _xCivilización |
|
| 650 | 4 |
_914211 _aRutas comerciales _xHistoria |
|
| 942 |
_2lcc _cBK |
||